000 00985nam a22001337a 4500
040 _cRUA
082 _aAVM OUK 2010 B096 Or.1
100 _aOUK, THORN.
245 _aEffect of duck feed and shrimp by product supplementation on CP commercial feed on growth rate of avian broiler at the animal experimental station royal university of agriculture, ឥទ្ថិពលនៃការបន្ថែមចកបាយទាស្រស់ និងអនុផលបង្គា លើចំណីផ្សំរបស់ក្រុមហ៊ុនស៊ី.ភី លើការលូតលាស់របស់មាន់សាច់ពូជ AVIAN នៅស្ថានីយពិសោធន៍សត្វនៃសាកលវិទ្យាល័យភូមិន្ទកសិកម្ម
260 _aPhnom Penh
_bRUA
_c2010
300 _axii; 43p.
_bill.
_c29cm.
856 _uhttps://drive.google.com/file/d/1xkey8sA5fWAqYVKEg4gJDIS8JFQmxreA/view?usp=sharing
942 _cAVM
999 _c2462
_d2462